书目信息 |
| 题名: |
写好楷书
|
|
| 作者: | 王鹤 著 | |
| 分册: | ||
| 出版信息: | 上海 上海文化出版社 2014 |
|
| 页数: | 92页 | |
| 开本: | 26cm | |
| 丛书名: | ||
| 单 册: | ||
| 中图分类: | J292.113.3 | |
| 科图分类: | ||
| 主题词: | 楷书--书法--研究--中国 | |
| 电子资源: | ||
| ISBN: | 978-7-5535-0293-9 | |
| 000 | 00805nam0 2200241 450 | |
| 001 | 338134 | |
| 005 | 20150601145833.39 | |
| 010 | @a978-7-5535-0293-9@dCNY30.00 | |
| 100 | @a20141015d2014 em y0chiy50 ea | |
| 101 | 0 | @achi |
| 102 | @aCN@b310000 | |
| 105 | @ay z 000yy | |
| 106 | @ar | |
| 200 | 1 | @a写好楷书@Axie hao kai shu@e全新解密楷书结构@f王鹤著 |
| 210 | @a上海@c上海文化出版社@d2014 | |
| 215 | @a92页@d26cm | |
| 330 | @a本书阐述和揭示了楷书字体内在结构的组合规律, 并对楷体字结构进行了清晰明了和具体量化的解析, 减少了学习者大量摸索和寻找结构规律的时间和精力。 | |
| 517 | 1 | @a全新解密楷书结构@Aquan xin jie mi kai shu jie gou |
| 606 | 0 | @a楷书@x书法@x研究@y中国 |
| 690 | @aJ292.113.3@v5 | |
| 701 | 0 | @a王鹤@Awang he@4著 |
| 801 | 0 | @aCN@b卓展宏图@c20150525 |
| 905 | @dJ292.113.3@e545@f4 | |
| 写好楷书:全新解密楷书结构/王鹤著.-上海:上海文化出版社,2014 |
| 92页;26cm |
| ISBN 978-7-5535-0293-9:CNY30.00 |
| 本书阐述和揭示了楷书字体内在结构的组合规律, 并对楷体字结构进行了清晰明了和具体量化的解析, 减少了学习者大量摸索和寻找结构规律的时间和精力。 |
| ● |
| 相关链接 |
|
|
|
|
正题名:写好楷书
索取号:J292.113.3/545
 
预约/预借
| 序号 | 登录号 | 条形码 | 馆藏地/架位号 | 状态 | 备注 |
| 1 | 857491 | 208574915 | 第一样本阅览室/ [索取号:J292.113.3/545] | 在馆 | |
| 2 | 857492 | 208574924 | 第一借阅区/ [索取号:J292.113.3/545] | 在馆 | |
| 3 | 857493 | 208574933 | 第一借阅区/ [索取号:J292.113.3/545] | 在馆 | |
| 4 | 857494 | 208574942 | 第一借阅区/ [索取号:J292.113.3/545] | 在馆 |